Modelos operacionales para riego /

Guardado en:
Autor Principal: Luque, Jorge Alfredo.
Otros Autores: Paoloni, J.D., Dell'Oro, B.J.
Formato: Libro
Idioma:Spanish
Publicado: Bahía Blanca : Universidad Nacional del Sur, 1973.
Etiquetas: Agregar Etiqueta
Sin Etiquetas, Sea el primero en etiquetar este registro!
LEADER 00549nam a22001695a 4500
001 EUN.um042811
008 041125s1973####ag############000#0#spa#d
005 20090408125819.0
245 1 0 |a Modelos operacionales para riego /  |c Jorge A. Luque, J.D. Paoloni, B.J. Dell'Oro. 
260 |a Bahía Blanca :  |b Universidad Nacional del Sur,  |c 1973. 
300 |a No paginado. 
100 1 |a Luque, Jorge Alfredo. 
700 1 |a Paoloni, J.D. 
700 1 |a Dell'Oro, B.J. 
082 0 4 |a 631.7 
082 0 4 |a 551.49 
859 |a Ar-BaUNS  |b BIB. CENTRAL - Sector C  |h 631.7  |i L974-8  |p 74267/976